[Event "SWZ-ch int"]
[Site "?"]
[Date "1989.??.??"]
[Round "1"]
[White "Zueger, Beat"]
[Black "Cebalo, Miso"]
[Result "1/2-1/2"]
[WhiteElo "2435"]
[BlackElo "2485"]

1.d4 Nf6 2.c4 e6 3.Nf3 Bb4+ 4.Bd2 Qe7 5.g3 Nc6 6.Bg2 Bxd2+ 7.Nbxd2 d6 8.O-O a5
9.e4 e5 10.d5 Nb8 11.Ne1 h5 12.f4 h4 13.f5 hxg3 14.hxg3 Bd7 15.Nd3 Na6 16.Qf3 Nh7
17.Qe3 Qg5 18.Kf2 Ke7 19.Rh1 b6 20.Qxg5+ Nxg5 21.Rxh8 Rxh8 22.Rh1 Rb8 23.Rc1 g6
24.g4 Kf6 25.b3 Nc5 26.Nxc5 bxc5 27.a4 c6 28.dxc6 Bxc6 29.Rh1 Kg7 30.Ke3 f6
31.Rh2 Bd7 32.Bf3 Nf7 33.Bd1 Nh6 34.g5 Ng8 35.gxf6+ Nxf6 36.Rg2 Be8 37.Nf3 Nh5
38.fxg6 Nf4 39.Rd2 Rb6 40.Nh4 Bxg6 41.Nf5+ Bxf5 42.exf5 Kf6 43.Bc2 Kf7 44.Bd1 Kf6
45.Bc2 Kf7 46.Bd1  1/2-1/2

[Event "SWZ-ch int"]
[Site "?"]
[Date "1989.??.??"]
[Round "3"]
[White "Zueger, Beat"]
[Black "Brunner, Lucas"]
[Result "0-1"]
[WhiteElo "2435"]
[BlackElo "2505"]

1.d4 Nf6 2.c4 e6 3.Nf3 Bb4+ 4.Bd2 a5 5.g3 d6 6.Bg2 Nbd7 7.O-O e5 8.Be3 exd4
9.Bxd4 a4 10.Nc3 a3 11.Nd5 axb2 12.Bxb2 Bc5 13.Qc2 h6 14.Bh3 O-O 15.Qc3 c6
16.Ne3 Nb6 17.Bxc8 Qxc8 18.Qd3 Qe6 19.Bd4 Ne4 20.Bxc5 Nxc5 21.Qc2 Ra4 22.Nd4 Qe4
23.Qc3 Rfa8 24.Rab1 Ra3 25.Nb3 Nbd7 26.Qd2 Qe5 27.Nxc5 Nxc5 28.Rb2 Ne4 29.Qc2 Rc3
30.Qb1 Nxf2 31.Rxf2 Qxe3 32.Kg2 Rxc4 33.Rxb7 Rf8 34.Rb8 Qe4+ 35.Qxe4 Rxe4
36.Rb6 Rc8 37.Kf3 Re6 38.e4 Rf6+ 39.Ke3 Rxf2 40.Kxf2 Kf8 41.a4 Ke7 42.a5 Kd7
43.Ke3 Kc7 44.Rb2 Rb8 45.Ra2 Rb3+ 46.Kf4 Rb8 47.Ke3 c5 48.a6 Ra8 49.h4 Kb6
50.Rd2 Kc6 51.Ra2 Ra7 52.Kd3 Kb5 53.Rb2+ Kxa6 54.Kc4 Rb7 55.Ra2+ Kb6 56.Kd5 Ra7
57.Rf2 Rd7 58.Rb2+ Kc7 59.Ra2 Kd8 60.Ra8+ Ke7 61.Ra6 Rc7 62.Kc4 Ke6 63.Ra8 Rb7
64.Re8+ Kd7 65.Rg8 Rb4+ 66.Kc3 g6  0-1

[Event "Sydney"]
[Site "Sydney"]
[Date "1989.??.??"]
[Round "4"]
[White "Gedevanishvili, Dmitry"]
[Black "King, Daniel J"]
[Result "1/2-1/2"]
[WhiteElo "2410"]
[BlackElo "2500"]

1.Nf3 Nf6 2.c4 e6 3.d4 Bb4+ 4.Bd2 Qe7 5.g3 Bxd2+ 6.Qxd2 O-O 7.Bg2 d5 8.O-O Nc6
9.Rc1 Rd8 10.Qc3 Ne4 11.Qe3 Bd7 12.Nc3 Nxc3 13.Rxc3 Rac8 14.Rac1 Nb4 15.Ra3 dxc4
16.Rxa7 b5 17.Qa3 Bc6 18.b3 Bxf3 19.Bxf3 Rxd4 20.Rb7 Nd5 21.Qxe7 Nxe7 22.Rxb5 cxb3
23.axb3 Rd7 24.Rb7 Kf8 25.Be4 Ke8 26.Bd3 Kd8 27.Rc4 Nd5 28.Rc6 Ra8 29.Rb5 h6
30.h4 Rd6 31.Rc4 Rb6 32.Rxb6 Nxb6 33.Rg4 g6 34.Kg2  1/2-1/2

[Event "Szekszard op"]
[Site "Szekszard"]
[Date "1989.??.??"]
[Round "6"]
[White "Kormanyos, Zoltan"]
[Black "Piesina, Gintautas"]
[Result "1-0"]
[WhiteElo "2310"]
[BlackElo "2400"]

1.d4 Nf6 2.c4 e6 3.Nf3 Bb4+ 4.Bd2 c5 5.dxc5 Bxc5 6.e3 O-O 7.Nc3 b6 8.a3 Bb7
9.b4 Be7 10.Be2 d6 11.O-O Nbd7 12.Rc1 Rc8 13.Qb3 Qc7 14.Rfd1 Qb8 15.Nb5 a6
16.Nbd4 Ne4 17.Be1 Qa8 18.Bf1 Rc7 19.Nd2 Nef6 20.Rc2 Rfc8 21.Rdc1 Bf8 22.f3 g6
23.e4 Bh6 24.Bf2 b5 25.Be3 Bxe3+ 26.Qxe3 e5 27.N4b3 d5 28.exd5 Nxd5 29.Qf2 bxc4
30.Rxc4 Rxc4 31.Rxc4 N5b6 32.Rxc8+ Qxc8 33.Nc5 Nxc5 34.Qxc5 Qxc5+ 35.bxc5 Nd7
36.Nc4 Nxc5 37.Nxe5 Kf8 38.Kf2 Ke7 39.Ke3 f6 40.Nc4 Nb3 41.Bd3 Kd7 42.g3 Kc7
43.h4 Bd5 44.h5 gxh5 45.Nb2 Kb6 46.Bxh7 Bf7 47.Bd3 Nc5 48.Be2 f5 49.Nc4+ Bxc4
50.Bxc4 Ka5 51.Kd4 Kb6 52.Ke5 Ka5 53.Kxf5 Ka4 54.Kg5 Kxa3 55.Kxh5 Kb4 56.Ba2 Kc3
57.f4 Kd4 58.g4 Ke3 59.f5 Kf4 60.f6 Nd7 61.g5 Kf5 62.f7 Nf8 63.Kh6 a5 64.Kg7 Nd7
65.g6 a4 66.Bb1+ Kg5 67.f8=Q Nxf8 68.Kxf8 a3 69.g7 a2  1-0

[Event "Tallinn-B"]
[Site "Tallinn"]
[Date "1989.??.??"]
[Round "?"]
[White "Schandorff, Lars"]
[Black "Kiik, Kalle"]
[Result "1-0"]
[WhiteElo "2435"]
[BlackElo "2395"]

1.d4 Nf6 2.c4 e6 3.Nf3 Bb4+ 4.Bd2 c5 5.Bxb4 cxb4 6.g3 O-O 7.Bg2 d6 8.Nbd2 Nc6
9.Nf1 Qa5 10.Ne3 b3+ 11.Qd2 Qxd2+ 12.Nxd2 Nxd4 13.Nxb3 Nxb3 14.axb3 Bd7 15.O-O-O Ne8
16.Bxb7 Rb8 17.Bg2 Rxb3 18.Rd3 Rb4 19.Kb1 a5 20.Rc1 f5 21.f4 Rf7 22.Rcc3 Ba4
23.Ra3 Ra7 24.Rxa4 Rxa4 25.Bc6 Rb4 26.Bxe8 Rb6 27.Ba4 Kf7 28.Ka2 h6 29.h4 g5
30.hxg5 hxg5 31.Nc2 Rc7 32.b3 Kf6 33.Nd4 g4 34.Nb5 Rcc6 35.Nc3  1-0

[Event "URS-ch U26"]
[Site "Tbilisi"]
[Date "1989.??.??"]
[Round "?"]
[White "Anastasian, Ashot"]
[Black "Ulibin, Mikhail"]
[Result "0-1"]
[WhiteElo "2475"]
[BlackElo "2445"]

1.d4 e6 2.c4 Nf6 3.Nf3 Bb4+ 4.Bd2 Qe7 5.g3 Nc6 6.Bg2 Bxd2+ 7.Nbxd2 d6 8.O-O a5
9.e4 e5 10.d5 Nb8 11.Ne1 h5 12.h3 h4 13.g4 O-O 14.Nd3 Bd7 15.f4 exf4 16.Rxf4 Na6
17.Qe1 Rae8 18.Qe3 Nb4 19.Nxb4 axb4 20.Raf1 Qe5 21.b3 c5 22.Nf3 Qe7 23.Ne1 Nh7
24.Nd3 b6 25.R4f2 Qg5 26.Qe1 Re7 27.Re2 f6 28.Qf2 Qh6 29.Kh1 Ra8 30.Qf4 Qxf4
31.Nxf4 Nf8 32.Ra1 Ra3 33.Rf1 Be8 34.Rff2 Bf7 35.Kg1 Nd7 36.Nd3 g5 37.Re3 Kg7
38.Bf1 Bg6 39.Bg2 Ra8 40.Rfe2 Ra3 41.Rf2 Re8 42.Rd2 Ra5 43.Ree2 b5 44.cxb5 Rxb5
45.Nb2 Nb6 46.Nd1 Nd7 47.Ne3 Ne5 48.Rc2 Rd8 49.Red2 Be8 50.Kf2 Rb7 51.Bf1 Kf8
52.Ba6 Re7 53.Nf5 Ra7 54.Bf1 Ng6 55.Kf3 Rh7 56.Ne3 Nf4 57.Rh2 Bg6 58.Rc4 Ra7
59.Rd2 Bh7 60.Nf5 Bxf5 61.gxf5 Kg7 62.Rh2 Kh6 63.Rd2 Re8 64.Rcc2 Nh5 65.Bd3 Ng3
66.Rc4 Kh5 67.Rh2 Rae7 68.Rd2 Rg8 69.a4 bxa3 70.Ra2 g4+ 71.hxg4+ Rxg4 72.Rxa3 h3
73.Ra8 Kh4 74.Rh8+ Nh5 75.e5 Rg7 76.exf6 h2 77.fxg7 h1=Q+ 78.Ke2 Qg2+ 79.Ke3 Qg1+
80.Kd2 Rxc4 81.g8=Q Qc1+ 82.Ke2 Qb2+ 83.Ke3 Qc1+ 84.Ke2 Qb2+ 85.Ke3 Rg4 86.Qxg4+ Kxg4
87.Be2+ Kg3 88.Rg8+ Ng7  0-1

[Event "URS-ch U26"]
[Site "Tbilisi"]
[Date "1989.??.??"]
[Round "?"]
[White "Neverov, Valeriy"]
[Black "Rozentalis, Eduardas"]
[Result "1/2-1/2"]
[WhiteElo "2430"]
[BlackElo "2485"]

1.d4 Nf6 2.c4 e6 3.Nf3 Bb4+ 4.Bd2 Qe7 5.g3 Nc6 6.Bg2 Bxd2+ 7.Nbxd2 d6 8.O-O O-O
9.e4 e5 10.d5 Nb8 11.b4 a5 12.a3 Na6 13.Ne1 Bd7 14.Nd3 b5 15.bxa5 Rfb8 16.Qc2 bxc4
17.Nxc4 Qe8 18.Rab1 Bb5 19.Rfe1 Nd7 20.f4 f6 21.fxe5 Nxe5 22.Ncxe5 fxe5 23.Bf1 Bxd3
24.Bxd3 Nc5 25.a6 Nxa6 26.Bxa6 Rxa6 27.Qxc7 Rc8 28.Qb7 Rxa3 29.Rec1  1/2-1/2

[Event "URS-ch U26"]
[Site "Tbilisi"]
[Date "1989.??.??"]
[Round "?"]
[White "Giorgadze, Giorgi"]
[Black "Ulibin, Mikhail"]
[Result "1/2-1/2"]
[WhiteElo "2440"]
[BlackElo "2445"]

1.d4 e6 2.c4 Nf6 3.Nf3 Bb4+ 4.Bd2 Qe7 5.g3 Nc6 6.Nc3 O-O 7.Bg2 Bxc3 8.Bxc3 Ne4
9.Rc1 d6 10.d5 Nd8 11.dxe6 Nxe6 12.O-O Nxc3 13.Rxc3 Bd7 14.Nh4 Bc6 15.Bd5 Rfe8
16.Ng2 a5 17.Re1 Qf6 18.h4 Bxd5 19.Qxd5 c6 20.Qd2 Rad8 21.Rd3 Nc5 22.Rf3 Qe5
23.Nf4 Ne4 24.Qc2 Qc5 25.Rc1 h6 26.Kg2 Rc8 27.a3 b5 28.Re3 Qxc4 29.Qxc4 bxc4
30.Rxc4 d5 31.Rc2 g5 32.hxg5 hxg5 33.Nd3 d4 34.Rf3 c5 35.Rf5 c4 36.Ne1 c3
37.Rxa5 f6 38.Nf3 Rb8 39.bxc3 dxc3 40.Nd4 Rec8 41.f3 Nd2 42.Rb5 Rxb5 43.Nxb5 Nb1
44.Kf2 Ra8 45.Ra2 Rc8 46.Rc2 Ra8 47.Rc1 Nxa3 48.Nc7 Ra4 49.Nd5 Kf7 50.Rxc3 Nc4
51.Rc1 g4 52.Nc3 Rb4 53.Nd5 Ra4 54.fxg4 Ne5 55.g5 fxg5 56.Rc8 Ng4+ 57.Kg2 Rd4
58.Nc3 Ne5 59.Ra8 Rc4 60.Nd1 Rc2 61.Kf2 Nd3+ 62.Kf1 Nc1 63.e4 Nb3 64.Ne3 Rc3
65.Ke2 Nc5 66.Ra7+ Ke6 67.Ra8 Kf7 68.Ra7+  1/2-1/2

[Event "URS-ch U26"]
[Site "Tbilisi"]
[Date "1989.??.??"]
[Round "?"]
[White "Savchenko, Stanislav"]
[Black "Giorgadze, Giorgi"]
[Result "1/2-1/2"]
[WhiteElo "2480"]
[BlackElo "2440"]

1.d4 Nf6 2.c4 e6 3.Nf3 Bb4+ 4.Bd2 a5 5.g3 d5 6.Bg2 c6 7.Qc2 O-O 8.O-O Nbd7
9.Bf4 a4 10.Nbd2 b6 11.e4 Ba6  1/2-1/2

[Event "Tel Aviv-B"]
[Site "Tel Aviv"]
[Date "1989.??.??"]
[Round "?"]
[White "Kraidman, Yair"]
[Black "Davidovic, Aleksandar"]
[Result "1/2-1/2"]
[WhiteElo "2420"]
[BlackElo "2425"]

1.d4 Nf6 2.c4 e6 3.Nf3 Bb4+ 4.Bd2 c5 5.e3 b6 6.Nc3 Bb7 7.Bd3 cxd4 8.Nxd4 O-O
9.O-O Nc6 10.Nf3 Be7 11.Rc1 a6 12.Ne4 Nxe4 13.Bxe4 Qc7 14.Bb1 Rfd8 15.Bc3 d6
16.Qc2 g6 17.b3 Nb8 18.Qb2 Nd7 19.Rfd1 Nc5 20.Rd2 Rac8 21.Rcd1 e5 22.Bb4 h5
23.Bc2 h4 24.Qb1 f5 25.Bxc5 bxc5 26.Bxf5 gxf5 27.Qxf5 Bxf3 28.Qg6+ Kh8 29.Qh6+ Kg8
30.Qg6+ Kh8 31.Qh6+ Kg8  1/2-1/2

[Event "Tuzla"]
[Site "Tuzla"]
[Date "1989.??.??"]
[Round "3"]
[White "Novikov, Igor A"]
[Black "Sinanovic, Muhamed"]
[Result "1/2-1/2"]
[WhiteElo "2490"]
[BlackElo "2330"]

1.d4 Nf6 2.c4 e6 3.Nf3 Bb4+ 4.Bd2 Qe7 5.g3 Nc6 6.Nc3 Bxc3 7.Bxc3 Ne4 8.Rc1 O-O
9.Bg2 d6 10.O-O Nxc3 11.Rxc3 e5 12.d5 Nb8 13.b4 a5 14.Ra3 b6 15.bxa5 Nd7
16.Nd2 Nc5 17.Qc2 Rxa5 18.Rxa5 bxa5 19.Nb3 Nb7 20.a4 Bd7 21.Ra1 Qe8 22.Qa2 Qa8
23.c5 dxc5 24.Rc1 Qa7 25.Qa3 Rb8 26.h4 g6 27.e3 Qb6 28.Nxc5 Nxc5 29.Qxc5 Bxa4
30.Qe7 Qd6 31.Rxc7 Qxe7 32.Rxe7 Rb1+ 33.Kh2 Bb3 34.d6 Rd1 35.d7 Kg7 36.Rxe5 Rxd7
37.Rxa5 Rd2 38.Ra3 Bc4 39.Ra4 Be6 40.f3 h5 41.Rd4 Re2 42.Rd3 Ra2 43.Rd1 Re2
44.e4 Rb2 45.Kg1 Rc2 46.Re1 Rb2 47.Bf1 Rd2 48.Be2 Ra2 49.Kf1 Rb2 50.Rc1 Ra2
51.Kf2 Ra5 52.Ke3 Ra3+ 53.Bd3 Rb3 54.Rc6 Kf6 55.Rd6 Ke7 56.Rd4 Kf6 57.Kf4 Rc3
58.Bb5 Rc7 59.Rd6 Rb7 60.Bd3 Kg7 61.Kg5 Rb2 62.Ba6 Rf2 63.Kf4 Rb2 64.Rc6 Rb3
65.Rc7 Ra3 66.Rc6 Rb3 67.Rd6 Rb2 68.Bf1 Rb1 69.Be2 Rb2 70.Ba6 Rb3 71.Rd4 Rb6
72.Ra4 Rb8 73.Be2 Rb2 74.Bd1 Rd2 75.Ra1 Rd8 76.Rb1 Rd4 77.Bc2 Rd6 78.Rb4 Rd2
79.Ba4 Rd6 80.Rb7 Rd4 81.Bc6 Rd6 82.Rc7 Rd1 83.Bb7 Kf6 84.Rc6 Rd8 85.Ra6 Kg7
86.Ra3 Rd1 87.Ke5 Rg1 88.f4 Re1 89.Rc3 Re2 90.Kd6 Kf6 91.Bd5 Rd2 92.Ra3 Rd1  1/2-1/2

[Event "Warsaw op"]
[Site "Warsaw"]
[Date "1989.??.??"]
[Round "?"]
[White "Piesina, Gintautas"]
[Black "Yanvarjov, Igor"]
[Result "0-1"]
[WhiteElo "2430"]
[BlackElo "2360"]

1.d4 Nf6 2.c4 e6 3.Nf3 Bb4+ 4.Bd2 Qe7 5.g3 Nc6 6.Nc3 d5 7.a3 Bxc3 8.Bxc3 a5
9.Bg2 O-O 10.O-O Rd8 11.cxd5 exd5 12.Rc1 Bf5 13.Ne1 Ne4 14.e3 Nb8 15.Nd3 Nd7
16.Be1 c6 17.g4 Be6 18.Nf4 Nf8 19.Nh5 f6 20.Ng3 Nxg3 21.hxg3 Qd7 22.Bf3 h6
23.Be2 Re8 24.a4 Bf7 25.Rc5 b6 26.Rc3 Bg6 27.Qb3 Rab8 28.Bf3 Be4 29.Bxe4 Rxe4
30.Qc2 Re6 31.Bd2 Nh7 32.Rc1 Ng5 33.Qf5 Qe8 34.Kg2 Ne4 35.R3c2 Rd8 36.Be1 Kh8
37.Qh5 Qd7 38.b4 axb4 39.Bxb4 Qb7 40.Qf5 Rde8 41.a5 bxa5 42.Bxa5 Nd6 43.Qf4 Nc4
44.Be1 Re4 45.Qf5 Qa6 46.Bb4 Qa4 47.Bc5 Qb3 48.Rc3 Qb2 49.R1c2 Qb1 50.Qd7 Nxe3+
51.fxe3 Rxe3 52.g5 Re2+ 53.Kh3 Qh1+ 54.Kg4 h5+  0-1

[Event "Warsaw op"]
[Site "Warsaw"]
[Date "1989.??.??"]
[Round "?"]
[White "Zlotnik, Boris A"]
[Black "Kholmov, Ratmir D"]
[Result "1/2-1/2"]
[WhiteElo "2420"]
[BlackElo "2510"]

1.d4 Nf6 2.c4 e6 3.Nf3 Bb4+ 4.Bd2 Bxd2+ 5.Qxd2 O-O 6.g3 b6 7.Bg2 Bb7 8.Nc3 d5
9.Ne5 Nbd7 10.O-O Ne4 11.Nxe4 dxe4 12.Rad1 Nxe5 13.dxe5 Qxd2 14.Rxd2 Rfd8
15.Rfd1 Rxd2 16.Rxd2 Kf8 17.Rd4 Rb8 18.Rd7 Rc8 19.Rd4 Rb8 20.Rd7 Rc8 21.Rd4 Rb8
22.Rd7  1/2-1/2

[Event "Legion op"]
[Site "Warsaw"]
[Date "1989.??.??"]
[Round "9"]
[White "Hass, Roman"]
[Black "Savon, Vladimir A"]
[Result "0-1"]
[WhiteElo "2355"]
[BlackElo "2425"]

1.d4 Nf6 2.c4 e6 3.Nf3 Bb4+ 4.Bd2 Qe7 5.Nc3 O-O 6.g3 d5 7.Bg2 dxc4 8.O-O Nbd7
9.Qc2 e5 10.Bg5 c6 11.dxe5 Nxe5 12.Ne4 Bf5 13.Nxe5 Qxe5 14.Bxf6 gxf6 15.Qxc4 Be7
16.Nc3 Rfd8 17.Rad1 Rxd1 18.Rxd1 Rd8 19.Qb3 Rxd1+ 20.Qxd1 Be6 21.Qd3 f5 22.e3 Qd6
23.Qc2 Bf6 24.a3 Qe5 25.Bf3 a5 26.Kg2 Kf8 27.h4 Ke7 28.Nd1 Kd6 29.Nc3 Kc7
30.Ne4 Be7 31.Nc3 Bf6 32.Na4 Qb5 33.Nc3 Qb3 34.Qd2 Bxc3 35.Qxc3 Qxc3 36.bxc3 Kb6
37.e4 Kc5 38.exf5 Bxf5 39.g4 Bd3 40.g5 Kc4 41.Bh5 Bg6 42.Bg4 Kxc3 43.f4 Be4+
44.Kf2 Kd4 45.h5 b5 46.Bd1 c5  0-1

[Event "Legion op"]
[Site "Warsaw"]
[Date "1989.??.??"]
[Round "10"]
[White "Kaplun, Leonid I"]
[Black "Rotstein, Arkadij"]
[Result "0-1"]
[WhiteElo "2335"]
[BlackElo "2420"]

1.d4 Nf6 2.c4 e6 3.Nf3 Bb4+ 4.Bd2 c5 5.Bxb4 cxb4 6.e3 O-O 7.Bd3 d6 8.O-O Nc6
9.Nbd2 e5 10.dxe5 dxe5 11.Qc2 Bg4 12.Ng5 h6 13.Nge4 Nxe4 14.Bxe4 Rc8 15.Nf3 Qe7
16.Qa4 f5 17.Bd5+ Kh8 18.a3 Bxf3 19.Bxf3 e4 20.Be2 f4 21.exf4 Rxf4 22.axb4 Nd4
23.Bh5 Rh4 24.Bd1 e3 25.h3 e2 26.Re1 Nf3+ 27.gxf3 Qg5+ 28.Kh2 Qf5  0-1

[Event "Yerevan"]
[Site "Yerevan"]
[Date "1989.??.??"]
[Round "?"]
[White "Dokhoian, Yury"]
[Black "Spiridonov, Nikola"]
[Result "1/2-1/2"]
[WhiteElo "2575"]
[BlackElo "2390"]

1.d4 Nf6 2.c4 e6 3.Nf3 Bb4+ 4.Bd2 c5 5.Bxb4 cxb4 6.g3 O-O 7.Bg2 d6 8.Nbd2 Re8
9.Nf1 a5 10.Ne3 Na6 11.O-O Bd7 12.Rc1 Rc8 13.Qd3 Bc6 14.d5 Nc5 15.Qd1 exd5
16.cxd5 Ba4 17.Qd4 Bb5 18.Rfe1 g6 19.Nd2 h5 20.h3 Nfd7 21.Nec4 Bxc4 22.Nxc4 Ne5
23.Nd2 b5 24.f4 Ned7 25.e4 Qb6 26.Kh2 Na4 27.Qxb6 Ndxb6 28.Bf1 Nxb2 29.Bxb5 Red8
30.Nb3 N2a4 31.Nxa5 Rxc1 32.Rxc1 Nc3 33.Bc6 Nxe4 34.Rb1 Nf6 35.Rxb4 Nbxd5
36.Rd4 Ne7 37.Bb7 Rd7 38.a4 d5 39.Rb4 Rc7 40.Nb3 Rc2+ 41.Kg1 Nf5 42.a5 Ra2
43.a6 Ne3 44.Nc5 Rg2+ 45.Kh1 Rf2 46.a7  1/2-1/2

[Event "Klee mem"]
[Site "Zuerich"]
[Date "1989.??.??"]
[Round "5"]
[White "Jakob, Simon"]
[Black "Klauser, Markus"]
[Result "0-1"]
[WhiteElo "2200"]
[BlackElo "2315"]

1.d4 Nf6 2.c4 e6 3.Nf3 Bb4+ 4.Bd2 Bxd2+ 5.Nbxd2 d6 6.g3 Qe7 7.Bg2 e5 8.e3 h6
9.Qc2 O-O 10.c5 e4 11.cxd6 cxd6 12.Ng1 d5 13.Ne2 Nc6 14.a3 Bg4 15.Qc5 Qxc5
16.dxc5 Ne5 17.Nc1 Rfc8 18.h3 Bf3 19.Bxf3 exf3 20.b4 b6 21.cxb6 axb6 22.O-O Ne4
23.Ncb3 Rc3 24.a4 Rd3 25.Rfd1 Nc3 26.Nc1 Ne2+ 27.Kf1 Nxc1 28.Raxc1 Rxa4 29.Ke1 Rxb4
30.Rb1 Ra4 31.Rxb6 Ra2 32.Rb3 Raxd2 33.Rb8+ Kh7 34.Rxd2 Ra3 35.Rb1 Nc4 36.Rxd5 Ra2
37.Rf5 Re2+ 38.Kd1 Rxf2 39.Rxf7 Nxe3+  0-1

[Event "Klee mem"]
[Site "Zuerich"]
[Date "1989.??.??"]
[Round "11"]
[White "Ilic, Zoran"]
[Black "Klauser, Markus"]
[Result "1-0"]
[WhiteElo "2380"]
[BlackElo "2315"]

1.d4 Nf6 2.Nf3 e6 3.c4 Bb4+ 4.Bd2 Bxd2+ 5.Qxd2 O-O 6.g3 d6 7.Bg2 Qe7 8.Nc3 e5
9.O-O Re8 10.e4 Bg4 11.d5 c6 12.Ne1 cxd5 13.cxd5 Na6 14.Nd3 Nc5 15.Nxc5 dxc5
16.Rfc1 Bd7 17.Rab1 b5 18.Nd1 Rec8 19.Rc2 Ne8 20.Rbc1 f6 21.Ne3 Qd6 22.h4 Rc7
23.Kh2 Rac8 24.b3 Qe7 25.d6 Qxd6 26.Qxd6 Nxd6 27.Nd5 c4 28.Nxc7 Rxc7 29.Rd2 Rc6
30.bxc4 bxc4 31.Rcd1 c3 32.Rc2 Nb5 33.Rxd7 Nd4 34.Rc1 a5 35.Bf1 a4 36.Bd3  1-0

[Event "JUG-chT FL"]
[Site "Arandjelovac"]
[Date "1990.??.??"]
[Round "1"]
[White "Barlov, Dragan"]
[Black "Vratonjic, Slobodan"]
[Result "1/2-1/2"]
[WhiteElo "2495"]
[BlackElo "2360"]

1.d4 Nf6 2.Nf3 e6 3.c4 Bb4+ 4.Bd2 c5 5.Nc3 cxd4 6.Nxd4 Nc6 7.Nc2 Be7 8.Bf4 O-O
9.Bd6 b6 10.e3 Bb7 11.Be2 Bxd6 12.Qxd6 Qb8 13.Qxb8 Raxb8 14.O-O Rfd8 15.Rfd1 Kf8
16.e4 Ke7 17.f3 d6 18.Kf2 Rbc8 19.Ne3 Ne5 20.Rd2 g5 21.Rad1 Ne8 22.Nb5 a6
23.Nd4 Nf6 24.b4 Bxe4 25.fxe4 Nxe4+ 26.Ke1 Nxd2 27.Rxd2 f5 28.Rc2 h5 29.Nf3 Nxf3+
30.Bxf3 f4 31.Nd1 d5 32.Nb2 g4 33.Be2 dxc4 34.Rxc4 Rxc4 35.Nxc4 b5 36.Ne5 Kf6
37.Nd3 Rd4 38.a3 e5 39.Nc5 e4 40.Nxa6 f3 41.gxf3 gxf3 42.Bxb5 e3  1/2-1/2

[Event "JUG-chT FL"]
[Site "Arandjelovac"]
[Date "1990.??.??"]
[Round "3"]
[White "Barlov, Dragan"]
[Black "Brkljaca, Ante"]
[Result "1-0"]
[WhiteElo "2495"]
[BlackElo "2435"]

1.d4 Nf6 2.c4 e6 3.Nf3 Bb4+ 4.Bd2 c5 5.g3 O-O 6.Bg2 Nc6 7.O-O cxd4 8.Bxb4 Nxb4
9.Nxd4 d5 10.Qd2 Qb6 11.cxd5 Nfxd5 12.e4 Ne7 13.e5 Ned5 14.Na3 Bd7 15.Nc4 Qa6
16.Rfc1 Rac8 17.Bf1 b5 18.Nd6 Rxc1 19.Qxc1 Qb6 20.N4xb5 f6 21.a4 fxe5 22.Qe1 Nc6
23.a5 Qb8 24.a6 Nd4 25.Nxd4 exd4 26.Nc4 Nb4 27.Ne5 Bc8 28.Ra4 Nc2 29.Qe2 Nb4
30.Qb5 Qxb5 31.Bxb5 Nd5 32.Bd3 Rd8 33.Rxd4 Rd6 34.Ra4 Rb6 35.Ra5 g6 36.Bc4 Nb4
37.Rb5  1-0

[Event "AUT-chT"]
[Site "Austria"]
[Date "1990.??.??"]
[Round "?"]
[White "Kwatschewsky, Leo"]
[Black "Petschar, Kurt"]
[Result "1/2-1/2"]
[WhiteElo "2325"]
[BlackElo "2315"]

1.d4 Nf6 2.c4 e6 3.Nf3 Bb4+ 4.Bd2 a5 5.g3 d6 6.Bg2 Nc6 7.O-O e5 8.d5 Nb8
9.Bxb4 axb4 10.Qb3 Na6 11.Nbd2 O-O 12.a3 bxa3 13.Qxa3 Bg4 14.b4 Qd7 15.e4 Bxf3
16.Bxf3 c5 17.dxc6 bxc6 18.Qc3 Nc7 19.Bg2 Qe7 20.h3  1/2-1/2

[Event "AUT-chT"]
[Site "Austria"]
[Date "1990.??.??"]
[Round "?"]
[White "Jukic, Mirko"]
[Black "Duer, Arne"]
[Result "1/2-1/2"]
[WhiteElo "2430"]
[BlackElo "2390"]

1.d4 Nf6 2.c4 e6 3.Nf3 Bb4+ 4.Bd2 Qe7 5.g3 Nc6 6.Nc3 Bxc3 7.Bxc3 Ne4 8.Rc1 O-O
9.Bg2 d6 10.d5 Nxc3 11.Rxc3 Nb8 12.dxe6 fxe6 13.O-O Nc6 14.Nd4 Bd7 15.Nxc6 Bxc6
16.Bxc6 bxc6 17.c5 d5 18.Qa4 Qd7 19.Rb3 e5 20.Qa5 Qc8 21.Rf3 Rxf3 22.exf3 Qd7
23.Re1 d4 24.Rxe5 d3 25.Qd2 Rd8 26.h4 h6 27.f4 Qd4 28.b3 a5 29.Re3 Qd5 30.Re5 Qd4
31.Kg2 Kh8 32.Kg1 Kg8 33.Re3 Qd5 34.Re5  1/2-1/2

[Event "Bad Ragaz op"]
[Site "Bad Ragaz"]
[Date "1990.??.??"]
[Round "3"]
[White "Nikolaev, Sergej"]
[Black "Fiedler, W."]
[Result "1-0"]
[WhiteElo "2345"]
[BlackElo "2150"]

1.d4 Nf6 2.c4 e6 3.Nf3 Bb4+ 4.Bd2 c5 5.Bxb4 cxb4 6.a3 bxa3 7.Rxa3 b6 8.Nc3 d6
9.e3 O-O 10.Be2 Qe7 11.O-O Bb7 12.b4 a5 13.bxa5 bxa5 14.Qa1 Nc6 15.Rb1 Ba6
16.Nd2 d5 17.cxd5 exd5 18.Bxa6 Rxa6 19.Rb5 Rd8 20.Nb3 Qc7 21.Rc5 Qb8 22.Nxa5 Ne7
23.h3 Rb6 24.Qf1 Qd6 25.Rb3 Rxb3 26.Nxb3 g5 27.Nd2 h6 28.Nf3 Ng6 29.Qb5 Ra8
30.g3 Ne7 31.Qb7 Ra1+ 32.Kg2 Qe6 33.Rc7 Kf8 34.Ne5 Rc1 35.Qb2 Re1 36.Nf3  1-0

[Event "Belgorod"]
[Site "Belgorod"]
[Date "1990.??.??"]
[Round "?"]
[White "Krasenkow, Michal"]
[Black "Kholmov, Ratmir D"]
[Result "1/2-1/2"]
[WhiteElo "2545"]
[BlackElo "2485"]

1.Nf3 Nf6 2.c4 e6 3.d4 Bb4+ 4.Bd2 Bxd2+ 5.Qxd2 d5 6.e3 O-O 7.Nc3 Qe7 8.Rd1 Nbd7
9.Qc2 dxc4 10.Bxc4 c5 11.O-O cxd4 12.Nxd4 Nb6 13.Be2 Bd7 14.Bf3 Rab8 15.Ndb5 Nc8
16.Qd3 a6 17.Nd6 Nxd6 18.Qxd6 Qxd6 19.Rxd6 Rfc8 20.Rfd1 Be8 21.g4 h6 22.R1d4 a5
23.Rb6 Rc7 24.Nb5 Rc2 25.Nd6 Bc6 26.Bxc6 Rxc6 27.Rxb7 Rd8 28.Nxf7 Rxd4 29.exd4 Nxg4
30.h3 Nf6 31.Kg2 a4 32.a3 Ne4 33.Kf3 Nd2+ 34.Kf4 Rc2 35.Nd8 Nc4 36.Nxe6 Rxf2+
37.Kg3 Rxb2 38.Rxg7+ Kh8 39.Ra7 Rb3+ 40.Kg4 Rxa3 41.h4 Re3 42.Ra8+ Kh7 43.Rxa4 Rxe6
44.Rxc4 Re4+ 45.Kf5 Rxh4 46.Rc7+ Kg8 47.d5 Kf8 48.Ke6 Re4+ 49.Kd7 Kf7 50.d6 Rd4
51.Rc5 Kf6 52.Rh5 Kg6 53.Rc5 Kf6 54.Kc7 Ke6 55.Rc1 h5 56.Re1+ Kf5  1/2-1/2

[Event "Berliner Sommer"]
[Site "Berlin"]
[Date "1990.??.??"]
[Round "?"]
[White "Schebler, Gerhard"]
[Black "Tolnai, Tibor"]
[Result "1-0"]
[WhiteElo "2300"]
[BlackElo "2490"]

1.d4 Nf6 2.c4 e6 3.Nf3 Bb4+ 4.Bd2 a5 5.g3 O-O 6.Bg2 d5 7.O-O dxc4 8.Bg5 Nbd7
9.Qc2 h6 10.Bxf6 Nxf6 11.Qxc4 c6 12.Nc3 b5 13.Qb3 Bb7 14.Rac1 Nd5 15.Ne4 a4
16.Qc2 a3 17.b3 Qa5 18.Ne5 Rac8 19.Nc5 Qa7 20.Ned3 Ba5 21.Bh3 Nb4 22.Nxb4 Bxb4
23.Qe4 Ba8 24.Rc2 Rcd8 25.Rfc1 Qa5 26.Qf4 Rfe8 27.Nd3 Be7 28.Ne5 Bf6 29.Bg2 Qa7
30.e3 Bxe5 31.Qxe5 f6 32.Qh5 e5 33.d5 e4 34.dxc6 Re5 35.Qg6 Qf7 36.Bxe4 Qxg6
37.Bxg6 Rc8 38.c7 Kf8 39.Rc5  1-0

[Event "Bern zt"]
[Site "Bern"]
[Date "1990.??.??"]
[Round "15"]
[White "Bruk, Ofer"]
[Black "Brunner, Lucas"]
[Result "1-0"]
[WhiteElo "2435"]
[BlackElo "2525"]

1.Nf3 Nf6 2.c4 e6 3.d4 Bb4+ 4.Bd2 Qe7 5.Nc3 O-O 6.g3 Bxc3 7.Bxc3 Ne4 8.Qc2 Nxc3
9.Qxc3 d6 10.Bg2 Re8 11.O-O e5 12.e3 Nd7 13.b4 e4 14.Nd2 Nf6 15.d5 h5 16.h4 Bf5
17.Qd4 Nd7 18.Rfc1 a5 19.c5 axb4 20.cxd6 cxd6 21.Rc7 Qf6 22.Qxf6 Nxf6 23.Rxb7 Ra4
24.Bf1 Rea8 25.Bc4 Nd7 26.Rb1 Rb8 27.Rxb8+ Nxb8 28.Bb5 Rxa2 29.Nc4 Bg4 30.Nxd6 Ra5
31.Kh2 Na6 32.Bxa6 Rxa6 33.Nxe4 Rb6 34.Nd2 Be2 35.e4 f6 36.Kg1 Kf7 37.f3 Rb8
38.Kf2 Bd3 39.Rb2 Ke7 40.Ke3 Ba6 41.Kd4 Be2 42.f4 Bd1 43.Nc4 b3 44.Ne3 Bf3
45.e5 Rb5 46.Kc4 Be2+ 47.Kc3 fxe5 48.Rxe2  1-0

[Event "Bordeaux"]
[Site "Bordeaux"]
[Date "1990.??.??"]
[Round "2"]
[White "Leriche, Eric"]
[Black "Izeta Txabarri, Felix"]
[Result "1/2-1/2"]
[WhiteElo "2235"]
[BlackElo "2380"]

1.d4 Nf6 2.Nf3 e6 3.c4 Bb4+ 4.Bd2 c5 5.Bxb4 cxb4 6.g3 O-O 7.Bg2 d6 8.O-O Re8
9.a3 bxa3 10.Rxa3 Qc7 11.b3 a6 12.Nc3 Nc6 13.Ra1 Qb6 14.e3 Bd7 15.Nd2 Nb4
16.Nde4 Nxe4 17.Nxe4 Bc6 18.c5 dxc5 19.dxc5 Qc7 20.Qd6 Re7 21.Qxc7 Rxc7 22.Nd6 Bxg2
23.Kxg2 Kf8 24.Rfd1 Ke7 25.Ra4 Nd5 26.Rc4 Rd8 27.Rdc1 Nf6 28.R1c2 Ne8 29.Rf4 f6
30.Rb4 Rdd7 31.Rb6 e5  1/2-1/2

[Event "CSR-ch"]
[Site "Brno"]
[Date "1990.??.??"]
[Round "4"]
[White "Bakalar, Petr"]
[Black "Hracek, Zbynek"]
[Result "0-1"]
[WhiteElo "2325"]
[BlackElo "2390"]

1.d4 Nf6 2.Nf3 e6 3.c4 Bb4+ 4.Bd2 Qe7 5.Nc3 b6 6.g3 Bxc3 7.Bxc3 Ne4 8.Rc1 Bb7
9.Bg2 d6 10.O-O Nxc3 11.Rxc3 Nd7 12.d5 e5 13.e4 a5 14.Ne1 Nc5 15.b3 O-O 16.a3 c6
17.b4 axb4 18.axb4 Nd7 19.Qb3 Ra7 20.Nd3 Rfa8 21.Rfc1 c5 22.h4 Bc8 23.Qd1 Nf6
24.Rb1 g6 25.Rcb3 Kg7 26.Nc1 Ra4 27.Ne2 cxb4 28.Rxb4 Rxb4 29.Rxb4 Qc7 30.Ra4 Ra5
31.Nc3 Bd7 32.Rxa5 bxa5 33.Qb3 Qc5 34.Bf3 Bg4 35.Kg2 Bxf3+ 36.Kxf3 Qd4 37.Kg2 Nxe4
38.Nxe4 Qxe4+ 39.Kh2 Qe1  0-1

[Event "Spring op"]
[Site "Budapest"]
[Date "1990.??.??"]
[Round "1"]
[White "Peric, S."]
[Black "Drasko, Milan"]
[Result "0-1"]
[WhiteElo "2205"]
[BlackElo "2445"]

1.d4 Nf6 2.Nf3 e6 3.c4 Bb4+ 4.Bd2 c5 5.g3 Qb6 6.Bg2 Nc6 7.d5 exd5 8.cxd5 Nxd5
9.a3 Ba5 10.Bxa5 Qxa5+ 11.Nfd2 Nb6 12.Nc3 c4 13.O-O O-O 14.e4 Ne5 15.Rc1 d6
16.Nd5 Nxd5 17.exd5 b5 18.Ne4 Qb6 19.Rc3 a5 20.Qh5 Bg4 21.Qh4 f5 22.h3 Be2
23.Re1 Ng6 24.Qg5 Bd3 25.Nd2 f4 26.g4 h6 27.Qh5 f3 28.Bxf3 Qd8 29.g5 Nf4
30.Qg4 Qxg5 31.h4 Nh3+ 32.Kg2  0-1

[Event "Elekes mem"]
[Site "Budapest"]
[Date "1990.??.??"]
[Round "1"]
[White "Schlosser, Philipp"]
[Black "Fauland, Alexander"]
[Result "0-1"]
[WhiteElo "2465"]
[BlackElo "2480"]

1.d4 Nf6 2.Nf3 e6 3.c4 Bb4+ 4.Bd2 c5 5.Bxb4 cxb4 6.g3 O-O 7.Bg2 d6 8.O-O Nc6
9.Qd3 e5 10.Nbd2 Re8 11.e4 Bg4 12.h3 Bxf3 13.Nxf3 Qb6 14.Rfd1 Rac8 15.Rac1 Qa6
16.Qb1 Qb6 17.Qd3 Qa5 18.Qb1 b5 19.Bf1 bxc4 20.Bxc4 exd4 21.Nxd4 Nxd4 22.Rxd4 h5
23.h4 Qe5 24.Qd3 Rc7 25.Kg2 Kf8 26.f3 g5 27.hxg5 Qxg5 28.Qd2 Qe5 29.Rd1 Ke7
30.Bb3 h4 31.f4 Qh5 32.e5 Kf8 33.Re1 h3+ 34.Kg1 dxe5 35.Rxb4 Qf3 36.Qf2 e4
37.Rc4 Rxc4 38.Bxc4 Ng4 39.Qxf3 exf3 40.Rf1 f2+ 41.Rxf2 Nxf2 42.Kxf2 Rd8  0-1